| 000 | 00464nam a2200157Ia 4500 | ||
|---|---|---|---|
| 005 | 20250425162837.0 | ||
| 008 | 250425s9999 xx 000 0 und d | ||
| 020 | _a9781337919333 | ||
| 041 | _aeng | ||
| 082 |
_a612.39 _pBRO |
||
| 100 | _aBrown, Judith | ||
| 245 | 0 |
_aNutrition through the life cycle _cJudith E. Brown, Ellen Lechtenberg, Maureen A. Murtaugh, Patricia L. Splett, Jaime Strang ΓΏ otros |
|
| 260 |
_z _bCengage |
||
| 942 | _c01 | ||
| 010 | _a112432 | ||
| 999 |
_c237576 _d237576 |
||